Представление документа в формате RUSMARC

ПолеНазваниеЗначение
  Тип записи a
  Библиографический уровень m
001 Контрольный номер RU/УОНБ/EK/331808420
005 Дата корректировки 20260331132453.5
010 Индекс ISBN __
d Цена 5 р. 25 к.
9 Тираж 15000 экз.
b Уточнения в пер.
100 Данные общей обработки __
a Данные общей обработки 20260331d1938 u u0rusy0189 ca
101 Язык документа 1_
a Язык текста rus
c Язык оригинала ger
102 Страна публикации __
a Страна публикации RU
105 Кодированные данные (монография) __
a Кодированные данные (монография) a z 001yy
200 Заглавие и сведения об ответственности 1_
a Заглавие Введение в физику полета
f Первые сведения об ответственности К. Шютт
g Последующие сведения об ответственности перевод с 5 немецкого издания Г. А. Вольперта
203 Вид содержания и тип средства __
a Вид содержания Текст
b Характеристика содержания визуальный
c Тип средства непосредственный
210 Выходные данные 1_
a Место издания Москва
a Место издания Ленинград
c Издательство ОНТИ
d Дата издания 1938
215 Физическое описание __
a Объем 207 с.
c Иллюстрации/тип воспроизводства ил., фот.
d Формат 20 см
320 Библиография __
a Библиография Алф.-предм. указ.: с. 205-207
606 Тематические рубрики 0_
a Основная рубрика Аэродинамика
610 Ключевые слова 0_
a Ключевые слова аэродинамика; физика полета
686 Индексы других классификаций __
a Классификационный индекс 22.253
2 Код системы rubbk
700 Автор _1
a Фамилия Шютт
b Имя (инициалы) К.
702 Вторичная интеллектуальная ответственность _1
a Фамилия Вольперт
b Имя (инициалы) Г. А.
4 Код отношения 730
801 Источник записи _0
a Страна RU
b Организация Ульяновская ОНБ
c Дата составления 20260331
g Правила каталогизации RCR
801 Источник записи _1
a Страна RU
b Организация Ульяновская ОНБ
c Дата составления 20260331
g Правила каталогизации RCR
901 Тип документа __
t Тип документа m
909 Создатель записи __
a Создатель записи Горбункова
b Дата создания записи 20260331